Personnages Mortal Kombat 9 - Statistiques

Statistiques générales
  • Ce quiz a été pris 147 fois
  • Le résultat moyen est 23 sur 35
Statistiques - réponses
Reponse % Correct
Scorpion
94%
Sub-Zero
93%
Raiden
90%
Kitana
89%
Liu Kang
87%
Johnny Cage
83%
Mileena
83%
Reptile
80%
Sonya Blade
80%
Jax
78%
Jade
76%
Kung Lao
75%
Goro
72%
Baraka
71%
Smoke
71%
Cyrax
70%
Sindel
67%
Kano
66%
Shao Kahn
63%
Shang Tsung
62%
Ermac
61%
Kabal
60%
Quan Chi
60%
Noob Saibot
59%
Sektor
57%
Sheeva
56%
Skarlet
52%
Rain
51%
Freddy Krueger
49%
Kratos
49%
Cyber Sub-Zero
45%
Kenshi
45%
Stryker
44%
Kintaro
41%
NighTwolf
41%
Aucun quiz correspondant
Distribution des résultats
% des personnes avec chaque résultat
Percentile par nombre de réponses
Votre historique - résultats
Vous n’avez pas pris ce quiz